[Event "Ruhrgebiet Verbandsliga Gruppe 1 1819"]
[Site "Nordrheinwestfalen"]
[Date "2019.05.05"]
[Round "9.1"]
[White "Hahn, Matthias"]
[Black "Dergatschova, Anna"]
[Result "1/2-1/2"]
[WhiteElo "2083"]
[BlackElo "2180"]
[PlyCount "50"]
[EventDate "2018.09.23"]
[EventType "team-tourn"]
[EventRounds "9"]
[EventCountry "GER"]
[SourceTitle "EXT 2022"]
[Source "ChessBase"]
[SourceDate "2021.10.06"]
[SourceVersion "1"]
[SourceVersionDate "2021.10.06"]
[SourceQuality "1"]
[WhiteTeam "Bochum-Linden"]
[BlackTeam "Holsterhausen SK"]
[WhiteTeamCountry "GER"]
[BlackTeamCountry "GER"]

1. d4 d5 2. c4 Nc6 3. Nc3 e5 4. cxd5 Nxd4 5. e3 Nf5 6. Nf3 Bd6 7. Bb5+ Bd7 8. Qb3 Nf6 9. Bxd7+ Qxd7 10. e4 Nd4 11. Qd1 Nb5 12. Qd3 Nxc3 13. bxc3 Qg4 14. 0-0 Qxe4 15. Qb5+ Kf8 16. c4 b6 17. a4 Qf5 18. Ba3 Kg8 19. Bxd6 cxd6 20. a5 bxa5 21. Qc6 Rd8 22. Rxa5 g5 23. Rxa7 Kg7 24. Qb6 Ne4 25. Qe3 Rc8 1/2-1/2

[Event "Herne op 5th"]
[Site "Herne"]
[Date "2016.05.28"]
[Round "6"]
[White "Schimnatkowski, Lukas"]
[Black "Hahn, Matthias"]
[Result "1/2-1/2"]
[WhiteElo "1978"]
[BlackElo "2091"]
[PlyCount "27"]
[EventDate "2016.05.25"]
[EventType "swiss"]
[EventRounds "7"]
[EventCountry "GER"]
[SourceTitle "CBM 172 Extra"]
[Source "ChessBase"]
[SourceDate "2016.06.21"]
[SourceVersion "1"]
[SourceVersionDate "2016.06.21"]
[SourceQuality "1"]

1. e4 e5 2. d4 exd4 3. Nf3 Nc6 4. Bc4 Nf6 5. 0-0 Nxe4 6. Re1 d5 7. Bxd5 Qxd5 8. Nc3 Qd7 9. Nxe4 Be7 10. Bg5 0-0 11. Bxe7 Qxe7 12. Nxd4 Bd7 13. Qh5 Rae8 14. Nf3 1/2-1/2

[Event "Dortmund Sparkassen op-A"]
[Site "Dortmund"]
[Date "2014.07.19"]
[Round "8"]
[White "Torres Kuckel, Rafael"]
[Black "Hahn, Matthias"]
[Result "1-0"]
[WhiteElo "2272"]
[BlackElo "2047"]
[PlyCount "65"]
[EventDate "2014.07.12"]
[EventType "swiss"]
[EventRounds "9"]
[EventCountry "GER"]
[SourceTitle "CBM 161 Extra"]
[Source "ChessBase"]
[SourceDate "2014.08.29"]
[SourceVersion "1"]
[SourceVersionDate "2014.08.29"]
[SourceQuality "1"]

1. e4 e5 2. Nf3 Nc6 3. Bb5 a6 4. Ba4 Nf6 5. d4 exd4 6. 0-0 Be7 7. Re1 b5 8. Bb3 d6 9. Bd5 Nxd5 10. exd5 Ne5 11. Nxd4 0-0 12. a4 Bg4 13. f3 Bd7 14. Nc3 b4 15. Ne4 Qc8 16. f4 Ng6 17. c4 Re8 18. Bd2 a5 19. Rc1 Bf5 20. Nb5 Bh4 21. Ng3 Rxe1+ 22. Bxe1 Bxg3 23. Bxg3 Bd7 24. Qd3 Ne7 25. Re1 Bxb5 26. cxb5 Qf5 27. Qxf5 Nxf5 28. Rc1 Ne7 29. Rxc7 Nxd5 30. Rc6 Rd8 31. f5 Nc3 32. b6 Nxa4 33. Bxd6 1-0

[Event "NRW Verbandsliga Group2 1314"]
[Site "Nordrheinwestfalen"]
[Date "2014.04.06"]
[Round "9"]
[White "Sohraby, Azizollah"]
[Black "Hahn, Matthias"]
[Result "0-1"]
[WhiteElo "1979"]
[BlackElo "2050"]
[PlyCount "108"]
[EventDate "2013.09.08"]
[EventType "team-tourn"]
[EventRounds "9"]
[EventCountry "GER"]
[SourceTitle "EXT 2020"]
[Source "ChessBase"]
[SourceDate "2019.10.17"]
[SourceVersion "1"]
[SourceVersionDate "2019.10.17"]
[SourceQuality "1"]
[WhiteTeam "Brackel SF II"]
[BlackTeam "Bochum-Linden"]
[WhiteTeamCountry "GER"]
[BlackTeamCountry "GER"]

1. e4 e5 2. Nf3 Nc6 3. d4 exd4 4. Bc4 Bc5 5. Ng5 Nh6 6. Nxf7 Nxf7 7. Bxf7+ Kxf7 8. Qh5+ g6 9. Qxc5 d5 10. e5 Re8 11. f4 Nxe5 12. 0-0 Nc6 13. Nd2 Qd6 14. Qxd6 cxd6 15. Nb3 Bf5 16. c3 d3 17. Bd2 a5 18. a4 Re2 19. Rae1 Rb8 20. Rxe2 dxe2 21. Ra1 b5 22. Nd4 Nxd4 23. cxd4 bxa4 24. Rxa4 Rxb2 25. Bxa5 Bd3 26. Be1 Rb7 27. Kf2 h5 28. Rb4 Rc7 29. Rb3 Bc4 30. Rb6 Re7 31. Rxd6 Re4 32. g3 Rxd4 33. Rf6+ Kg7 34. Re6 Rd1 35. Rc6 Rc1 36. Rd6 Kf7 37. h3 Rd1 38. Rc6 Rc1 39. Rd6 Rb1 40. Rc6 Rd1 41. g4 hxg4 42. hxg4 Rc1 43. Rd6 Rb1 44. g5 Rd1 45. Rc6 Bb5 46. Rb6 Bd3 47. Rd6 Bc4 48. Rc6 Ke7 49. Rxg6 d4 50. f5 d3 51. Bb4+ Kd7 52. Rg7+ Kc6 53. Be1 d2 54. Bxd2 Rxd2 0-1

[Event "Ruhrgebiet Verbandsliga1 1112"]
[Site "Nordrheinwestfalen"]
[Date "2012.03.25"]
[Round "8.4"]
[White "Weimer, Eduard"]
[Black "Hahn, Matthias"]
[Result "0-1"]
[WhiteElo "2014"]
[BlackElo "2075"]
[PlyCount "44"]
[EventDate "2012.09.18"]
[EventType "team-tourn"]
[EventRounds "9"]
[EventCountry "GER"]
[SourceTitle "EXT 2020"]
[Source "ChessBase"]
[SourceDate "2019.10.17"]
[SourceVersion "1"]
[SourceVersionDate "2019.10.17"]
[SourceQuality "1"]
[WhiteTeam "Koenigsspringer Hamm"]
[BlackTeam "Bochum-Linden-Dahlhausen"]
[WhiteTeamCountry "GER"]
[BlackTeamCountry "GER"]

1. e4 e6 2. c4 d5 3. exd5 exd5 4. d4 Nf6 5. Nf3 Be7 6. Qb3 c6 7. Nc3 0-0 8. cxd5 cxd5 9. Bg5 Nc6 10. Bd3 Na5 11. Qc2 h6 12. Bf4 Nc6 13. a3 Bg4 14. Be3 Rc8 15. Nh4 Re8 16. h3 Be6 17. Nf5 Bf8 18. 0-0 Ne4 19. Bxe4 dxe4 20. Qxe4 Bxf5 21. Qxf5 Nxd4 22. Qd3 Nf3+ 0-1